[Event "Turin Piemonte op 6th"]
[Site "Turin"]
[Date "2005.11.19"]
[Round "2"]
[White "Domenichelli, Serafino"]
[Black "Berutti, Mario"]
[Result "0-1"]
[WhiteElo "1826"]
[BlackElo "1862"]
[PlyCount "64"]
[EventDate "2005.11.18"]
[EventType "swiss"]
[EventRounds "9"]
[EventCountry "ITA"]
[SourceTitle "EXT 2007"]
[Source "ChessBase"]
[SourceDate "2006.11.23"]
[SourceVersion "1"]
[SourceVersionDate "2006.11.23"]
[SourceQuality "1"]

1. e4 e5 2. Nf3 Nf6 3. d3 Nc6 4. Nc3 Bc5 5. Be2 a6 6. 0-0 0-0 7. Nxe5 Nxe5 8. d4 Bd6 9. dxe5 Bxe5 10. Bd3 d6 11. f3 Bd4+ 12. Kh1 Nh5 13. Ne2 Ba7 14. Qe1 f5 15. exf5 d5 16. g4 Nf6 17. Qh4 c5 18. c4 b5 19. b3 dxc4 20. Bc2 cxb3 21. axb3 Bb7 22. Nf4 Qd4 23. Rb1 c4 24. Bd1 c3 25. Ng2 Qd3 26. Qe1 Qxb1 27. Qe6+ Kh8 28. Ba3 Rfe8 29. Qf7 c2 30. Ne3 Rxe3 31. Bf8 Bxf3+ 32. Kg1 Re7+ 0-1

[Event "Nichelino op 5th"]
[Site "Nichelino"]
[Date "2004.10.09"]
[Round "4"]
[White "Domenichelli, Serafino"]
[Black "Berutti, Mario"]
[Result "1-0"]
[WhiteElo "1805"]
[BlackElo "1814"]
[PlyCount "85"]
[EventDate "2004.10.07"]
[EventType "swiss"]
[EventRounds "6"]
[EventCountry "ITA"]
[SourceTitle "EXT 2009"]
[Source "ChessBase"]
[SourceDate "2008.11.26"]
[SourceVersion "1"]
[SourceVersionDate "2008.11.26"]
[SourceQuality "1"]

1. e4 e5 2. Nf3 Nf6 3. Nc3 Nc6 4. d4 exd4 5. Nxd4 Bb4 6. Bg5 0-0 7. Be2 d5 8. Nxc6 bxc6 9. e5 h6 10. exf6 hxg5 11. fxg7 Kxg7 12. Qd4+ Qf6 13. Qxb4 Re8 14. 0-0-0 Qxf2 15. Qd4+ Qxd4 16. Rxd4 Bb7 17. Bf3 c5 18. Rd2 c6 19. Re2 Ba6 20. Rxe8 Rxe8 21. Kd2 f5 22. h3 Kf6 23. Re1 Rb8 24. b3 c4 25. bxc4 Bxc4 26. Be2 Bxe2 27. Rxe2 d4 28. Na4 Rb5 29. Kd3 Ra5 30. Nb2 Rxa2 31. Nc4 c5 32. Re1 a5 33. Rb1 a4 34. Rb6+ Kf7 35. Rb5 Ra1 36. Rxc5 Kg6 37. Kxd4 Rg1 38. Ne5+ Kf6 39. Rc6+ Ke7 40. g4 Rd1+ 41. Kc3 f4 42. Nf3 Re1 43. Nxe1 1-0

[Event "Nichelino op 5th"]
[Site "Nichelino"]
[Date "2004.10.07"]
[Round "1"]
[White "Catana, Costel"]
[Black "Domenichelli, Serafino"]
[Result "0-1"]
[WhiteElo "2100"]
[BlackElo "1805"]
[PlyCount "56"]
[EventDate "2004.10.07"]
[EventType "swiss"]
[EventRounds "6"]
[EventCountry "ITA"]
[SourceTitle "EXT 2009"]
[Source "ChessBase"]
[SourceDate "2008.11.26"]
[SourceVersion "1"]
[SourceVersionDate "2008.11.26"]
[SourceQuality "1"]

1. e4 e5 2. Nf3 Nc6 3. Bc4 Be7 4. d4 exd4 5. 0-0 d6 6. Nxd4 Nxd4 7. Qxd4 Nf6 8. Nc3 0-0 9. Bf4 Be6 10. Rad1 Qc8 11. Rfe1 Rd8 12. h3 a6 13. a4 Nh5 14. Nd5 Qd7 15. Bd2 Nf6 16. Nxe7+ Qxe7 17. Bg5 Bxc4 18. Qxc4 h6 19. Bh4 Rac8 20. f4 Qe6 21. Qb4 b6 22. e5 dxe5 23. Rxd8+ Rxd8 24. fxe5 Nd5 25. Qc4 Rd7 26. Qxa6 Qc6 27. Rd1 Ne3 28. Qc8+ Kh7 0-1